| 000 | 00615nam a2200217Ia 4500 | ||
|---|---|---|---|
| 005 | 20250923145050.0 | ||
| 008 | 008 250917s9999 xx 000 0 eng d | ||
| 037 | _aTextual | ||
| 040 |
_aDSWL _beng _cDSWL |
||
| 041 |
_aeng _2eng |
||
| 084 |
_aS:7395z7, K6 _qDSWL |
||
| 100 |
_aBrim, O.G. _9831425 |
||
| 245 | 0 |
_aSocialization after childhood: Two essays _cby O.G. Brim |
|
| 260 |
_aNew York _b John Wiley & Sons _c1966 |
||
| 300 | _axvi,848p. | ||
| 365 |
_ausd _b2.25 |
||
| 700 |
_aS. Wheeler _9831426 |
||
| 925 | _g2.25 | ||
| 942 |
_cTEXL _hS:7395z7, K6 |
||
| 999 |
_c1446652 _d1446652 |
||